Memoria / (Registro nro. 13161)

Detalles MARC
000 -LIDER
fixed length control field 00444nam a22001697a 4500
003 - IDENTIFICACDOR DE NÚMERO DE CONTROL
control field DO-SdBNP
005 - DATE AND TIME OF LATEST TRANSACTION
control field 20171128113400.0
008 - ELEMENTOS DE LONGITUD FIJA
fixed length control field 171128b pr||||| |||| 00| 0 spa d
040 ## - FUENTE DE CATALOGACIÓN
Agencia que crea de manera original el registro BPMSU
Idioma de catalogación spa
Agencia que realiza la transcripción BPMSU
100 ## - ASIENTO PRINCIPAL -- NOMBRE PERSONAL
Nombre personal Serra Deliz , Wenceslao
245 ## - MENCIÓN DE TITULO
Título Memoria /
Mención de responsabilidad Wenceslao Serra Deliz
260 ## - PUBLICACIÓN, DISTRIBUCIÓN, ETC. (PIE DE IMPRENTA)
Lugar de publicación, distribución, etc Rio Piedra
Nombre del editor, distribuidor, etc. Edil
Fecha de publicación, distribución, etc 1970
300 ## - DESCRIPCIÓN FÍSICA
Extensión 55 p.
Dimensiones 20 cm
942 ## - ADDED ENTRY ELEMENTS (KOHA)
Source of classification or shelving scheme Dewey Decimal Classification
Koha item type Libros
945 ## - INFORMACIÓN DE PROCESAMIENTO LOCAL
Información de procesamiento local inventariado extranjenjero / DG
956 ## - LOCAL ELECTRONIC LOCATION AND ACCESS (OCLC)
Nombre de host dgarcia
Existencias
Withdrawn status Lost status Source of classification or shelving scheme Damaged status Not for loan Collection code Home library Current library Date acquired Source of acquisition Total Checkouts Barcode Date last seen Price effective from Koha item type
    Dewey Decimal Classification     Colección General Biblioteca Pública Metropolitana Salomé Ureña Biblioteca Pública Metropolitana Salomé Ureña 11/28/2017 Donado   BPMSU17110489 11/28/2017 11/28/2017 Libros